| 000 | 00700nam a22002177a 4500 | ||
|---|---|---|---|
| 003 | 0 | ||
| 005 | 20251021120338.0 | ||
| 008 | 251021b xxu||||| |||| 00| 0 eng d | ||
| 020 | _a978-1-98469-500-0 | ||
| 050 |
_aHD 58.8 _b.S36 2025 |
||
| 100 |
_aScott, Connor, _eauthor. |
||
| 245 |
_aStrategic change management / _cConnor Scott. |
||
| 260 |
_aNew York, NY : _b3G E-Learning LLC, _c2025. |
||
| 300 |
_axviii, 292 pages : _bcolored illustrations ; _c26 cm. |
||
| 504 | _aIncludes bibliographical references and index. | ||
| 650 | _aOrganizational change. | ||
| 650 | _aStrategic planning. | ||
| 650 | _aOrganizational effectiveness. | ||
| 650 | _aCorporate reorganizations. | ||
| 942 |
_2lcc _cBK |
||
| 999 |
_c368309 _d368309 |
||